000 00310nam a2200133Ia 4500
005 20260328104320.0
008 260328s9999||||xx |||||||||||||| ||und||
100 _aTrotter, Lilias
245 0 _a1876 Sketchbook /
_cLilias Trotter
260 _bOxvision
300 _a90 p.
650 _aDIBUJO
942 _cBK
999 _c11336
_d11336